[Event "Bengaluru Namma op 2nd"]
[Site "Bengaluru"]
[Date "2025.04.11"]
[Round "3"]
[White "Nirvan, Bhamidi"]
[Black "Vignesh, B2."]
[Result "1/2-1/2"]
[WhiteElo "2089"]
[BlackElo "2191"]
[PlyCount "223"]
[EventDate "2025.04.10"]
[EventType "swiss"]
[EventRounds "10"]
[EventCountry "IND"]
[SourceTitle "CB18_2025"]
[SourceDate "2025.04.30"]
[SourceVersion "1"]
[SourceVersionDate "2025.04.30"]
[SourceQuality "1"]

1. e4 e6 2. d4 d5 3. Nd2 c5 4. exd5 Qxd5 5. dxc5 Qxc5 6. Ngf3 Nf6 7. Bd3 Bd6 8. Nc4 Bd7 9. b3 Be7 10. 0-0 Qc7 11. Bb2 Nc6 12. Nce5 Nxe5 13. Nxe5 Bc6 14. Qe2 0-0 15. Ng4 Qf4 16. Nxf6+ Bxf6 17. Bxf6 Qxf6 18. Be4 Qc3 19. Bxc6 bxc6 20. Qd3 Qa5 21. Rfd1 Rad8 22. Qc4 Qb6 23. Qe4 c5 24. c3 Qa5 25. Qc4 Rxd1+ 26. Rxd1 Qxa2 27. h3 h6 28. Rd7 Qb1+ 29. Kh2 Qf5 30. Kg1 a5 31. Qd3 Qg5 32. Qf3 Qe5 33. Ra7 Qe1+ 34. Kh2 Qa1 35. g3 Qa3 36. c4 Qb4 37. Rb7 Qe1 38. Kg2 f5 39. Rc7 Rd8 40. Qb7 Qe5 41. Rc8 Rxc8 42. Qxc8+ Kh7 43. h4 Qe4+ 44. Kh2 Qe5 45. Kg2 Qe4+ 46. Kh2 Qf3 47. Qxc5 Qxb3 48. Qxa5 Qxc4 49. Qe5 Qd5 50. Qf4 Kg6 51. Qb8 Qe4 52. f4 Kh5 53. Qb3 Qe2+ 54. Kh3 Qf1+ 55. Kh2 Kg4 56. Qxe6 Qh3+ 57. Kg1 Qxg3+ 58. Kh1 Qxh4+ 59. Kg1 Qg3+ 60. Kh1 Qf3+ 61. Kg1 Kh3 62. Qxh6+ Kg3 63. Qxg7+ Kxf4 64. Qc7+ Ke3 65. Qc3+ Ke4 66. Qc6+ Kf4 67. Qc7+ Kg4 68. Qg7+ Kh4 69. Qh6+ Kg3 70. Qh3+ Kf4 71. Qh6+ Ke5 72. Qg7+ Ke4 73. Qe7+ Kd4 74. Qf6+ Ke3 75. Qc3+ Kf4 76. Qc7+ Kg4 77. Qg7+ Kh4 78. Qh6+ Kg4 79. Qg7+ Kf4 80. Qc7+ Kg5 81. Qg7+ Kh4 82. Qh6+ Kg3 83. Qh3+ Kf4 84. Qh6+ Ke4 85. Qc6+ Ke3 86. Qc3+ Kf4 87. Qc7+ Ke3 88. Qc3+ Ke2 89. Qc2+ Ke1 90. Qc1+ Ke2 91. Qc2+ Ke3 92. Qc3+ Ke4 93. Qc6+ Kf4 94. Qc7+ Kg4 95. Qg7+ Kh3 96. Qh6+ Kg3 97. Qh3+ Kf4 98. Qh6+ Ke5 99. Qg7+ Ke6 100. Qg8+ Kd6 101. Qd8+ Kc5 102. Qc7+ Kd4 103. Qb6+ Kc3 104. Qc5+ Kd3 105. Qb5+ Kc3 106. Qc5+ Kd3 107. Qb5+ Kd4 108. Qb4+ Kd3 109. Qb5+ Kd4 110. Qb4+ Ke5 111. Qe7+ Kf4 112. Qc7+ 1/2-1/2

[Event "Pune Blitz op 13th"]
[Site "Pune"]
[Date "2024.05.22"]
[Round "3"]
[White "Aakash Sharadchandra, Dalvi"]
[Black "Nirvan, Bhamidi"]
[Result "1/2-1/2"]
[WhiteElo "2275"]
[BlackElo "1717"]
[PlyCount "84"]
[EventDate "2024.05.22"]
[EventType "swiss (blitz)"]
[EventRounds "9"]
[EventCountry "IND"]
[SourceTitle "CBM 220 Extra"]
[Source "ChessBase"]
[SourceDate "2024.07.31"]
[SourceVersion "1"]
[SourceVersionDate "2024.07.31"]
[SourceQuality "1"]

1. d4 Nf6 2. Nf3 d5 3. c4 e6 4. Nc3 Bb4 5. cxd5 exd5 6. Bg5 h6 7. Bh4 0-0 8. e3 c5 9. dxc5 Nbd7 10. Qd4 Bxc5 11. Qd2 Qa5 12. Bd3 Bb4 13. 0-0 Ne4 14. Qc2 Bxc3 15. bxc3 Ndc5 16. Be7 Re8 17. Bxc5 Nxc5 18. Be2 Be6 19. Rfc1 Rac8 20. Qb2 b6 21. Qb4 Qa4 22. Bb5 Qxb4 23. cxb4 Nd7 24. Bxd7 Bxd7 25. Nd4 Rc4 26. a3 Rec8 27. Re1 Be6 28. h3 Kf8 29. g4 Ke7 30. Kg2 h5 31. Kg3 g6 32. Reb1 Rc3 33. a4 hxg4 34. hxg4 R8c4 35. Nb5 Rxg4+ 36. Kf3 Rc2 37. Nxa7 Rg5 38. Rf1 Rf5+ 39. Kg3 Rg5+ 40. Kf4 Rf5+ 41. Kg3 Rg5+ 42. Kf3 Rf5+ 1/2-1/2